[Event "NNM lag 2017"]
[Site "Tromsø Sjakklubb"]
[Date "2017.02.25"]
[Round "3"]
[White "Berglund, Jan S"]
[Black "Robertsen, Tage J"]
[Result "1-0"]
[WhiteElo "2006"]
[BlackElo "1601"]
[PlyCount "67"]
[EventDate "2017.??.??"]

1. d4 d5 2. Nf3 e6 3. g3 Nf6 4. Bg2 Be7 5. O-O O-O 6. b3 b6 7. Ne5 c5 8. e3
Nfd7 9. f4 f6 10. Nxd7 Qxd7 11. f5 Ba6 12. c4 cxd4 13. fxe6 Qc7 14. Bxd5 Nc6
15. exd4 Rad8 16. Bf4 Qb7 17. Nc3 Rxd5 18. Nxd5 Ba3 19. Bc1 Bd6 20. Bb2 Ne7 21.
Nxe7+ Qxe7 22. Qg4 Re8 23. d5 Rc8 24. a4 Kh8 25. Rae1 Rf8 26. Re2 Bc5+ 27. Kg2
Bb7 28. h4 Bd6 29. h5 Rg8 30. Rf3 a6 31. h6 Be5 32. Rxe5 gxh6 33. Qh4 Rxg3+ 34.
Qxg3 1-0

[Event "NNM lag 2017"]
[Site "Tromsø Sjakklubb"]
[Date "2017.02.26"]
[Round "4"]
[White "Mikalsen, Erlend"]
[Black "Hanssen, Gunnar B"]
[Result "1-0"]
[WhiteElo "2350"]
[BlackElo "2140"]
[PlyCount "51"]
[EventDate "2017.??.??"]

1. e4 e6 2. d4 d5 3. Nc3 dxe4 4. Nxe4 Nd7 5. Nf3 Ngf6 6. Nxf6+ Nxf6 7. g3 Be7
8. Bg2 O-O 9. O-O a5 10. c4 Ra6 11. Qe2 c5 12. Rd1 Qc7 13. Bf4 Bd6 14. Bxd6
Rxd6 15. dxc5 Qxc5 16. Rxd6 Qxd6 17. Rd1 Qb6 18. Ne5 Rd8 19. c5 Rxd1+ 20. Qxd1
Qxc5 21. Qd8+ Qf8 22. Qc7 Nd5 23. Bxd5 exd5 24. Nxf7 Bh3 25. Ng5 Bf5 26. Qxb7
1-0

[Event "NNM lag 2017"]
[Site "Tromsø Sjakklubb"]
[Date "2017.02.26"]
[Round "4"]
[White "Røyset, Jon Kr"]
[Black "Galchenko, Matvey"]
[Result "0-1"]
[WhiteElo "2195"]
[BlackElo "2313"]
[PlyCount "58"]
[EventDate "2017.??.??"]

1. e4 e6 2. d4 d5 3. Nc3 Bb4 4. e5 c5 5. a3 Bxc3+ 6. bxc3 Ne7 7. h4 Qc7 8. Nf3
Bd7 9. h5 h6 10. Be2 Ba4 11. dxc5 Nd7 12. Rh4 Bc6 13. Kf1 Nxc5 14. c4 O-O-O 15.
Qd4 b6 16. cxd5 Rxd5 17. Qb2 Nf5 18. Rb4 Rhd8 19. a4 Bb7 20. a5 bxa5 21. Rf4 g5
22. hxg6 fxg6 23. Kg1 Ba6 24. Bxa6+ Nxa6 25. Rfa4 Nb4 26. c4 Rd1+ 27. Kh2 Nd3
28. Qc3 Nxf2 29. Bf4 g5 0-1

[Event "NNM lag 2017"]
[Site "Tromsø Sjakklubb"]
[Date "2017.02.26"]
[Round "4"]
[White "Mikalsen, Harald"]
[Black "Romsdal, Trond"]
[Result "1-0"]
[WhiteElo "1982"]
[BlackElo "2178"]
[PlyCount "61"]
[EventDate "2017.??.??"]

1. e4 c5 2. Nf3 d6 3. d4 cxd4 4. Nxd4 Nf6 5. Nc3 a6 6. Be2 e5 7. Nb3 Qc7 8. Bg5
Nbd7 9. a4 b6 10. O-O Bb7 11. Nd5 Nxd5 12. exd5 h6 13. Be3 Be7 14. f4 Rc8 15.
c4 a5 16. Qe1 Ba6 17. Rc1 Bf6 18. Qf2 exf4 19. Qxf4 Nc5 20. Nd4 Nxa4 21. Nf5
Be5 22. Qe4 Kf8 23. Bd4 Re8 24. Bxe5 Rxe5 25. Qg4 g6 26. Nd4 Kg8 27. Bd3 Rg5
28. Qf4 Nc5 29. Ne6 Nxd3 30. Qf6 fxe6 31. Qf8+
1-0

[Event "NNM lag 2017"]
[Site "Tromsø Sjakklubb"]
[Date "2017.02.26"]
[Round "4"]
[White "Berglund, Jan S"]
[Black "Greibrokk, Ingrid"]
[Result "1-0"]
[WhiteElo "2006"]
[BlackElo "1858"]
[PlyCount "129"]
[EventDate "2017.??.??"]

1. d4 Nf6 2. Nf3 d5 3. g3 g6 4. Bg2 Bg7 5. O-O O-O 6. c4 c6 7. Bf4 Nbd7 8. cxd5
Nxd5 9. Bc1 e5 10. Nc3 N5b6 11. Bg5 f6 12. Be3 Re8 13. dxe5 Nxe5 14. Nxe5 fxe5
15. Qxd8 Rxd8 16. Bg5 Re8 17. Rad1 Be6 18. b3 h6 19. Bc1 Rad8 20. h3 Nd5 21.
Ne4 a5 22. Nc5 Bc8 23. a3 Nc3 24. Rde1 b6 25. Ne4 Nxe4 26. Bxe4 Bxh3 27. Bxc6
Re6 28. Bg2 Bxg2 29. Kxg2 Rc8 30. Be3 Rc2 31. Rh1 g5 32. Kf3 e4+ 33. Kg4 Rb2
34. b4 axb4 35. axb4 Rxb4 36. Rb1 Bf8 37. Rxb4 Bxb4 38. Kf5 Kf7 39. Rc1 Be7 40.
Rc7 Rf6+ 41. Kxe4 Re6+ 42. Kf5 Rf6+ 43. Kg4 Re6 44. Rb7 Kg6 45. Rxb6 Bd6 46.
Bd4 h5+ 47. Kf3 Kf7 48. Rb7+ Kg6 49. Be3 Be7 50. Rb6 Bd6 51. Bd4 Kf7 52. e3 h4
53. gxh4 gxh4 54. Kg4 Re4+ 55. Kh3 Be7 56. Ra6 Bd8 57. f4 Re8 58. f5 Bg5 59.
Ra7+ Kf8 60. Ra3 Re4 61. f6 Kf7 62. Ra7+ Kg6 63. Rg7+ Kf5 64. Rxg5+ Kxg5 65. f7
1-0

[Event "NNM lag 2017"]
[Site "Tromsø Sjakklubb"]
[Date "2017.02.26"]
[Round "4"]
[White "Søraas, Torben"]
[Black "Skagseth, Håvard M"]
[Result "0-1"]
[WhiteElo "2214"]
[BlackElo "2038"]
[PlyCount "100"]
[EventDate "2017.??.??"]

1. e4 e6 2. d4 d5 3. Nd2 c5 4. exd5 Qxd5 5. Ngf3 cxd4 6. Bc4 Qd6 7. O-O Nf6 8.
Nb3 Nc6 9. Nbxd4 Nxd4 10. Nxd4 a6 11. Re1 Qc7 12. Qe2 Bd6 13. Bg5 O-O 14. h3 b5
15. Bb3 Bb7 16. Rad1 Ne4 17. Qg4 Bh2+ 18. Kf1 Nxg5 19. Qxg5 Qf4 20. Qe7 Qc7 21.
Qxc7 Bxc7 22. Nxe6 fxe6 23. Rxe6 Kh8 24. Re7 Bb6 25. f3 Bc8 26. a4 bxa4 27.
Bxa4 Ra7 28. Rxa7 Bxa7 29. b4 Be6 30. Rd6 Bc4+ 31. Ke1 g6 32. Bc6 Kg7 33. h4
Rf6 34. Rd7+ Rf7 35. Rd6 Be3 36. g3 Re7 37. Be4 Bb5 38. h5 gxh5 39. Rd5 Rd7 40.
Rxh5 Bd2+ 41. Kf2 h6 42. Bd5 Bxb4 43. c4 Ba4 44. Rh4 Bc5+ 45. Ke2 Re7+ 46. Kd2
Bd7 47. Rh5 Kg6 48. g4 Kg7 49. Be4 Bd6 50. Ra5 Bb4+ 0-1

[Event "NNM lag 2017"]
[Site "Tromsø Sjakklubb"]
[Date "2017.02.26"]
[Round "4"]
[White "Keadana, Amir"]
[Black "Kristensen, Kjell Ole"]
[Result "0-1"]
[WhiteElo "1871"]
[BlackElo "2003"]
[PlyCount "106"]
[EventDate "2017.??.??"]

1. e4 c5 2. Nf3 e6 3. d4 cxd4 4. Nxd4 Bc5 5. Nb5 Qb6 6. Be3 Bxe3 7. fxe3 Qxe3+
8. Be2 Na6 9. N1c3 Nh6 10. Nd6+ Ke7 11. Nc4 Qc5 12. a3 b5 13. Nxb5 Qxb5 14.
Qd6+ Kd8 15. Rd1 Qc5 16. Qg3 Rg8 17. c3 Nc7 18. b4 Qc6 19. Na5 Qxe4 20. Rd4 Nf5
21. Rxe4 Nxg3 22. hxg3 Nd5 23. Rd4 Nxc3 24. Bf3 d5 25. Rd3 Na4 26. Rxh7 Bd7 27.
Kd2 Rc8 28. Bd1 Nb2 29. Rf3 Ke7 30. Be2 e5 31. Rb3 Na4 32. Rh5 f6 33. g4 Nb6
34. g5 f5 35. g6 Kf6 36. Rg3 Be8 37. Ba6 Rc7 38. Rh1 Bxg6 39. Nb3 Nc4+ 40. Bxc4
Rxc4 41. Nc5 f4 42. Rg4 Bf5 43. Rgh4 Rc2+ 44. Ke1 Rxg2 45. R4h2 Rg3 46. a4 e4
47. Rh4 Ra3 48. Kd2 Ke5 49. Rh5 g5 50. Rg1 e3+ 51. Ke2 Ra2+ 52. Kf1 f3 53. Nb3
Bd3+ 0-1

[Event "NNM lag 2017"]
[Site "Tromsø Sjakklubb"]
[Date "2017.02.26"]
[Round "4"]
[White "Aanstad, Magnus"]
[Black "Fedchuk, Kirill"]
[Result "1/2-1/2"]
[WhiteElo "2024"]
[BlackElo "1735"]
[PlyCount "80"]
[EventDate "2017.??.??"]

1. e4 e5 2. Nf3 Nc6 3. d4 exd4 4. Bc4 Nf6 5. O-O Nxe4 6. Re1 d5 7. Bxd5 Qxd5 8.
Nc3 Qd7 9. Rxe4+ Be7 10. Nxd4 Nxd4 11. Rxd4 Qc6 12. Nd5 Bd6 13. Qe2+ Be6 14.
Nf4 Bxf4 15. Bxf4 O-O 16. Rad1 Rfe8 17. Qd2 f6 18. b3 b5 19. Rd3 Rac8 20. Re1
Kf7 21. h4 Re7 22. Rc3 Qd7 23. Rd3 Qc6 24. Rde3 Rce8 25. Rc3 Qb7 26. Qd3 g6 27.
h5 Rc8 28. hxg6+ hxg6 29. Qg3 g5 30. Bxg5 fxg5 31. Qxg5 Qd5 32. Qh4 Rg8 33. Rg3
Rxg3 34. Qxg3 Qd2 35. Qe5 Qxc2 36. Re3 Qb1+ 37. Kh2 Qh7+ 38. Kg1 Qb1+ 39. Kh2
Qh7+ 40. Kg1 Qb1+ 1/2-1/2

[Event "NNM lag 2017"]
[Site "Tromsø Sjakklubb"]
[Date "2017.02.26"]
[Round "4"]
[White "Vestjord, Harald Christian"]
[Black "Hansen, Ola"]
[Result "1-0"]
[WhiteElo "1731"]
[BlackElo "1664"]
[PlyCount "63"]
[EventDate "2017.??.??"]

1. d4 d6 2. c4 e5 3. dxe5 dxe5 4. Qxd8+ Kxd8 5. e4 Bb4+ 6. Nc3 Bxc3+ 7. bxc3 c5
8. g3 Nc6 9. f4 Be6 10. Nf3 f6 11. Be3 b6 12. O-O-O+ Ke8 13. Rd6 Bg4 14. Nd2
Ke7 15. Bxc5 bxc5 16. Rxc6 Kd7 17. Rxc5 exf4 18. Rd5+ Ke8 19. gxf4 Ne7 20. Rd6
Nc8 21. Rd4 Bd7 22. Rg1 g6 23. c5 Ne7 24. Nb3 Nc6 25. Rd6 Ke7 26. Bb5 Nb8 27.
Bxd7 Nxd7 28. Rgd1 Rhd8 29. Na5 Rac8 30. Nb7 Nxc5 31. Rxd8 Rxd8 32. Nxd8 1-0

[Event "NNM lag 2017"]
[Site "Tromsø Sjakklubb"]
[Date "2017.02.26"]
[Round "4"]
[White "Walseth, Tron"]
[Black "Remman, Frank"]
[Result "1-0"]
[WhiteElo "1992"]
[BlackElo "1915"]
[PlyCount "85"]
[EventDate "2017.??.??"]

1. e4 b6 2. d4 Bb7 3. Bd3 e6 4. Nf3 c5 5. c3 Be7 6. O-O d6 7. Qe2 Nf6 8. Bg5
O-O 9. Nbd2 cxd4 10. cxd4 Nc6 11. Rae1 Re8 12. Rd1 Nd7 13. Bxe7 Qxe7 14. Rfe1
Qf6 15. Nb3 Rec8 16. Bb1 a5 17. a3 Nf8 18. Qe3 a4 19. Nbd2 Na5 20. Bd3 d5 21.
Ne5 Ba6 22. Bxa6 Rxa6 23. Qd3 Raa8 24. Rc1 Qd8 25. h3 h6 26. Qf3 f6 27. Nd3 Nc4
28. Nf1 dxe4 29. Qxe4 Nd6 30. Qg4 Nf5 31. Rxc8 Rxc8 32. d5 Qxd5 33. Nf4 Qa5 34.
Re4 Re8 35. Nh5 Nh7 36. Nfg3 Qb5 37. Nxf5 Ng5 38. Nxh6+ Kh7 39. h4 gxh6 40. Rb4
Qe5 41. hxg5 hxg5 42. Qe4+ Qxe4 43. Nxf6+ 1-0

[Event "NNM lag 2017"]
[Site "Tromsø Sjakklubb"]
[Date "2017.02.26"]
[Round "4"]
[White "Olsen, Rolf A"]
[Black "Halvorsen, Benjamin"]
[Result "0-1"]
[WhiteElo "1338"]
[BlackElo "1661"]
[PlyCount "106"]
[EventDate "2017.??.??"]

1. d4 e6 2. e4 d5 3. Bd3 dxe4 4. Bxe4 Nf6 5. Bf3 c5 6. dxc5 Qxd1+ 7. Bxd1 Bxc5
8. Nf3 b6 9. Nc3 Ba6 10. Be2 O-O 11. O-O Bxe2 12. Nxe2 Nc6 13. c3 Rfd8 14. Bg5
Rd5 15. Bxf6 gxf6 16. Rad1 Rad8 17. Rxd5 Rxd5 18. Nf4 Rf5 19. Nd3 Bd6 20. c4
Ne5 21. Ndxe5 Bxe5 22. b3 Kf8 23. Rd1 Ke7 24. Nd4 Bxd4 25. Rxd4 Re5 26. Kf1 a6
27. b4 f5 28. a4 a5 29. b5 Re4 30. Rxe4 fxe4 31. Ke2 Kd6 32. Ke3 Kc5 33. Kxe4
Kxc4 34. Ke5 Kb4 35. Kf6 Kxa4 36. Kxf7 Kxb5 37. f4 a4 38. Kxe6 a3 39. f5 a2 40.
f6 a1=Q 41. f7 Qa3 42. Kf6 Qf8 43. g4 h6 44. h4 Kc6 45. g5 Kd6 46. g6 b5 47. h5
b4 48. g7 Qe7+ 49. Kg6 Qe6+ 50. Kh7 Qxf7 51. Kh8 b3 52. g8=Q Qxg8+ 53. Kxg8 b2
0-1

[Event "NNM lag 2017"]
[Site "Tromsø Sjakklubb"]
[Date "2017.02.26"]
[Round "5"]
[White "Skagseth, Håvard M"]
[Black "Galchenko, Matvey"]
[Result "0-1"]
[WhiteElo "2038"]
[BlackElo "2313"]
[PlyCount "72"]
[EventDate "2017.??.??"]

1. e4 e6 2. d4 d5 3. Nc3 Bb4 4. e5 c5 5. a3 Bxc3+ 6. bxc3 Ne7 7. Qg4 cxd4 8.
Qxg7 Rg8 9. Qxh7 Qc7 10. Ne2 Nbc6 11. f4 Bd7 12. Qd3 dxc3 13. Nxc3 a6 14. h4
Nf5 15. Rh3 Na5 16. h5 O-O-O 17. h6 Rg6 18. Bd2 Nxh6 19. Ne2 Bb5 20. Bxa5 Qxa5+
21. Qc3+ Qxc3+ 22. Rxc3+ Kb8 23. Rg3 Rxg3 24. Nxg3 Bxf1 25. Nxf1 Rc8 26. Kd2
Rg8 27. Ne3 d4 28. Nc4 Rxg2+ 29. Kd3 Nf5 30. Rh1 Rg3+ 31. Kd2 Rg7 32. Kd3 Kc7
33. Rh8 b5 34. Nd2 Rg3+ 35. Ke2 Rxa3 36. Rh7 Rc3 0-1

[Event "NNM lag 2017"]
[Site "Tromsø Sjakklubb"]
[Date "2017.02.26"]
[Round "5"]
[White "Greibrokk, Ingrid"]
[Black "Keadana, Amir"]
[Result "1-0"]
[WhiteElo "1858"]
[BlackElo "1871"]
[PlyCount "107"]
[EventDate "2017.??.??"]

1. e4 e6 2. d4 d5 3. Nd2 a6 4. c3 c5 5. exd5 Qxd5 6. Ngf3 Nc6 7. Bc4 Qd8 8.
dxc5 Bxc5 9. O-O Nf6 10. Nb3 Qxd1 11. Rxd1 Ba7 12. a4 Ng4 13. Rf1 Ke7 14. Nbd2
Rd8 15. b3 Nge5 16. Ba3+ Kf6 17. Ne4+ Kg6 18. Nxe5+ Nxe5 19. Be2 Bd7 20. Be7
Rdc8 21. Bd6 Bc6 22. Ng3 Bb8 23. Rad1 Bxd6 24. Rxd6 Kf6 25. f4 Nd7 26. Rfd1 Ke7
27. R6d4 Rd8 28. a5 Nc5 29. Bc4 Rxd4 30. Rxd4 Rd8 31. Rxd8 Kxd8 32. b4 Ne4 33.
Nxe4 Bxe4 34. Kf2 Ke7 35. g3 Kd6 36. Ke3 Bc6 37. Bd3 h6 38. c4 f5 39. Kd4 g5
40. c5+ Ke7 41. Ke5 gxf4 42. gxf4 Bd5 43. b5 axb5 44. Bxb5 Bb3 45. c6 bxc6 46.
Bxc6 Bc4 47. Bb7 Kd7 48. h4 Kc7 49. a6 Bb3 50. Kf6 Bc4 51. Kg6 Kb6 52. Kxh6 Bd5
53. Kg5 Kc5 54. Bxd5 1-0

[Event "NNM lag 2017"]
[Site "Tromsø Sjakklubb"]
[Date "2017.02.26"]
[Round "5"]
[White "Fedchuk, Kirill"]
[Black "Brasøy, Aksel"]
[Result "1/2-1/2"]
[WhiteElo "1735"]
[BlackElo "1966"]
[PlyCount "59"]
[EventDate "2017.??.??"]

1. c4 e6 2. Nf3 Nf6 3. d4 d5 4. e3 c5 5. cxd5 exd5 6. dxc5 Bxc5 7. Bb5+ Nc6 8.
O-O O-O 9. Qc2 Qe7 10. Bd2 Nb4 11. Bxb4 Bxb4 12. a3 Bd6 13. Nc3 Bg4 14. Nd4 Qe5
15. g3 Rac8 16. Bd3 g6 17. Rfe1 Kg7 18. Be2 Bxe2 19. Qxe2 Ne4 20. Nxe4 dxe4 21.
Rac1 a6 22. Rc2 h5 23. h4 Rxc2 24. Qxc2 Re8 25. Rd1 Bc5 26. b4 Bb6 27. Qc3 Kg8
28. a4 Rd8 29. a5 Qc7 30. Qxc7 1/2-1/2

[Event "NNM lag 2017"]
[Site "Tromsø Sjakklubb"]
[Date "2017.02.26"]
[Round "5"]
[White "Mikalsen, Odd Erling"]
[Black "Stensen, Vegard"]
[Result "1-0"]
[WhiteElo "1887"]
[BlackElo "1438"]
[PlyCount "93"]
[EventDate "2017.??.??"]

1. e4 c5 2. Nc3 Nc6 3. f4 g6 4. Nf3 Bg7 5. Bc4 e6 6. d3 Nge7 7. O-O O-O 8. a4
d5 9. Ba2 b6 10. Bd2 Bb7 11. e5 a6 12. Ne2 h5 13. Qe1 Nf5 14. c3 b5 15. Ng3
Nce7 16. Bb3 Qb8 17. a5 Qd8 18. d4 Nxg3 19. Qxg3 Nf5 20. Qf2 cxd4 21. cxd4 Rc8
22. Bb4 Re8 23. Bc5 Rc6 24. Bc2 Qd7 25. Bxf5 exf5 26. Ng5 Bf8 27. b4 Bxc5 28.
bxc5 Ba8 29. Qg3 b4 30. Rfb1 Rb8 31. Rb3 Qd8 32. Ra4 Rcc8 33. e6 fxe6 34. Nxe6
Qe8 35. Re3 b3 36. Ra1 b2 37. Rb1 Rc6 38. Qe1 Qd7 39. Ng5 Rf6 40. Re7 Qa4 41.
Nf3 Bc6 42. h3 Qc4 43. Kh2 Ba4 44. Qe5 Rbf8 45. Rxb2 Bb5 46. Ng5 Qc3 47. Qc7
1-0

[Event "NNM lag 2017"]
[Site "Tromsø Sjakklubb"]
[Date "2017.02.26"]
[Round "5"]
[White "Remman, Frank"]
[Black "Søraas, Torben"]
[Result "1-0"]
[WhiteElo "1915"]
[BlackElo "2214"]
[PlyCount "41"]
[EventDate "2017.??.??"]

1. d4 Nf6 2. c4 c5 3. d5 b5 4. cxb5 a6 5. f3 e6 6. e4 exd5 7. e5 Qe7 8. Qe2 Ng8
9. Nc3 Bb7 10. Nh3 c4 11. Nf4 axb5 12. Nfxd5 Bxd5 13. Nxd5 Qc5 14. Qe4 Ra6 15.
Be3 Qc6 16. b3 Ne7 17. bxc4 Nxd5 18. Qxd5 b4 19. Qb5 Qc7 20. Kf2 Nc6 21. Qxa6
1-0

[Event "NNM lag 2017"]
[Site "Tromsø Sjakklubb"]
[Date "2017.02.26"]
[Round "5"]
[White "Kristensen, Kjell Ole"]
[Black "Valvåg, Torbjørn"]
[Result "1-0"]
[WhiteElo "2003"]
[BlackElo "1522"]
[PlyCount "45"]
[EventDate "2017.??.??"]

1. e4 c5 2. Nf3 d6 3. d4 cxd4 4. Nxd4 Nf6 5. Nc3 g6 6. h3 Bg7 7. g4 O-O 8. Bg2
Nc6 9. Nde2 Be6 10. O-O Qc8 11. Nd5 h5 12. g5 Nh7 13. Kh2 Re8 14. c3 f6 15. h4
fxg5 16. hxg5 Ne5 17. Kh1 h4 18. Rg1 Bh3 19. f4 Bxg2+ 20. Rxg2 Qh3+ 21. Kg1
Nf3+ 22. Kf2 Nh2 23. Ng1 1-0

[Event "NNM lag 2017"]
[Site "Tromsø Sjakklubb"]
[Date "2017.02.26"]
[Round "5"]
[White "Halvorsen, Benjamin"]
[Black "Aanstad, Magnus"]
[Result "0-1"]
[WhiteElo "1661"]
[BlackElo "2024"]
[PlyCount "56"]
[EventDate "2017.??.??"]

1. e4 c5 2. Nf3 Nc6 3. d4 cxd4 4. Nxd4 Nf6 5. Nc3 e5 6. Nb3 Bb4 7. Bg5 h6 8.
Bxf6 Qxf6 9. Bc4 O-O 10. O-O Bxc3 11. bxc3 d6 12. Qd3 Bg4 13. Qg3 Be6 14. Bxe6
Qxe6 15. f4 exf4 16. Rxf4 Rac8 17. Rg4 Qe5 18. Qh3 f5 19. Rg3 Rce8 20. Re1 fxe4
21. Nd2 Qf4 22. Re2 Ne5 23. Rge3 d5 24. g3 Qg5 25. Qg2 Ng4 26. Nxe4 Nxe3 27.
Nxg5 Nxg2 28. Ne6 Rf6 0-1

[Event "NNM lag 2017"]
[Site "Tromsø Sjakklubb"]
[Date "2017.02.26"]
[Round "5"]
[White "Hansen, Ola"]
[Black "Robertsen, Tage J"]
[Result "1/2-1/2"]
[WhiteElo "1664"]
[BlackElo "1601"]
[PlyCount "33"]
[EventDate "2017.??.??"]

1. e4 c5 2. Nc3 e6 3. f4 g6 4. Nf3 Nc6 5. Bb5 Nge7 6. O-O a6 7. Bxc6 Nxc6 8. d3
d6 9. Qe1 Bg7 10. f5 e5 11. fxg6 hxg6 12. Nd5 Be6 13. Ng5 Ne7 14. Qf2 Rf8 15.
Nf6+ Bxf6 16. Qxf6 Kd7 17. Nxe6 1/2-1/2

[Event "NNM lag 2017"]
[Site "Tromsø Sjakklubb"]
[Date "2017.02.26"]
[Round "5"]
[White "Hanssen, Gunnar B"]
[Black "Walseth, Tron"]
[Result "1-0"]
[WhiteElo "2140"]
[BlackElo "1992"]
[PlyCount "53"]
[EventDate "2017.??.??"]

1. c4 Nf6 2. Nc3 g6 3. g3 Bg7 4. Bg2 O-O 5. d4 d6 6. Nf3 Nbd7 7. O-O e5 8. Qc2
c6 9. Rd1 Qe7 10. e4 a5 11. h3 exd4 12. Nxd4 Nc5 13. Bf4 Nh5 14. Nf5 gxf5 15.
Bxd6 Qg5 16. Bxc5 Re8 17. Bd4 f4 18. Bxg7 Qxg7 19. Qe2 Qg6 20. Bf3 Ng7 21. Bg4
fxg3 22. fxg3 h5 23. Bxc8 Qxg3+ 24. Kh1 Raxc8 25. Rd3 Qe5 26. Rg1 Rcd8 27. Rdg3
1-0

[Event "NNM lag 2017"]
[Site "Tromsø Sjakklubb"]
[Date "2017.02.26"]
[Round "5"]
[White "Romsdal, Trond"]
[Black "Olsen, Rolf A"]
[Result "1-0"]
[WhiteElo "2178"]
[BlackElo "1338"]
[PlyCount "75"]
[EventDate "2017.??.??"]

1. Nf3 Nf6 2. g3 g6 3. Bg2 Bg7 4. O-O d6 5. b3 Nc6 6. Bb2 O-O 7. c4 e5 8. d4
exd4 9. Nxd4 Nxd4 10. Bxd4 c6 11. Nc3 Re8 12. Qd2 Qc7 13. Rad1 Be6 14. e4 Rad8
15. h3 a6 16. a4 Rd7 17. f4 Rdd8 18. Be3 Bc8 19. Kh2 a5 20. Rfe1 Rd7 21. Rc1 h5
22. Qf2 c5 23. Red1 b6 24. f5 h4 25. gxh4 Nh5 26. Nd5 Qd8 27. fxg6 Be5+ 28. Kg1
f6 29. Qf3 Ng3 30. Bf4 Bd4+ 31. Rxd4 cxd4 32. Bxg3 Kg7 33. h5 Rh8 34. Bh4 Rf8
35. Rf1 Qe8 36. Bxf6+ Kg8 37. Qg3 Qe6 38. h6 1-0